000 006510000a22001810004500
003 MACL
005 20160519170805.0
008 160519b xxu||||| |||| 00| 0 eng d
040 _aMACL
_cMACL
041 _aHindi
082 _a891.433
100 _aमठपति, कृपाकान्‍त झा
_946857
245 _aहरियाणा के अमर शहीदों की कहानियॉ
_cकृपाकान्‍त झा मठपति
260 _bइतिहास शोध संस्‍थान
_c1997
_aदिल्‍ली
350 _a60
650 _aStory
_958319
942 _cHIN
_k800/JHA/S
_2ddc
999 _c10611
_d10611